00301nam a2200133Ia 4500008004100000020001500041041001200056082001600068100001400084245002200098260002500120300000800145650001400153221030s9999 xx 000 0 und d a8120301404 aEnglish a105.23bGor aG. Gordon 0aSystem Simulation bPHIaNew Delhic2005 a324 aComputers